Nestraťte zákazníka skôr, ako k vám vstúpi

Akými zásadami by sa mali obchodníci riadiť, aby pritiahli zákazníkov do predajne. Najčastejšie prehrešky, ktoré robia maloobchodníci na tradičnom trhu v súvislosti so vzhľadom svojich predajní.

Salvato in:
Dettagli Bibliografici
Autore principale: Kwasnica, Petr
Altri autori: Neumann, Pavel
Natura: Capitolo di libro
Lingua:slovacco
Soggetti:
Tags: Aggiungi Tag
Nessun Tag, puoi essere il primo ad aggiungerne!!

MARC

LEADER 00000naa a2200000 4500
001 0155099
005 20231010141300.0
041 0 |a slo 
044 |a SK 
245 1 0 |a Nestraťte zákazníka skôr, ako k vám vstúpi  |c Petr Kwasnica, Pavel Neumann 
520 |a Akými zásadami by sa mali obchodníci riadiť, aby pritiahli zákazníkov do predajne. Najčastejšie prehrešky, ktoré robia maloobchodníci na tradičnom trhu v súvislosti so vzhľadom svojich predajní. 
610 2 0 |a predajne 
610 2 0 |a obchodníci 
610 2 0 |a zákazníci 
100 1 |a Kwasnica, Petr 
700 1 |a Neumann, Pavel